[Event "POL-chT U19 Wielkopolskie"]
[Site "Poland"]
[Date "2016.04.03"]
[Round "9.29"]
[White "Janiszewska, Karolina"]
[Black "Kostecka, Marika"]
[Result "0-1"]
[WhiteElo "1006"]
[BlackElo "1699"]
[PlyCount "120"]
[EventDate "2016.02.13"]
[EventType "team-tourn"]
[EventRounds "9"]
[EventCountry "POL"]
[SourceTitle "EXT 2019"]
[Source "ChessBase"]
[SourceDate "2018.10.10"]
[SourceVersion "1"]
[SourceVersionDate "2018.10.10"]
[SourceQuality "1"]

1. e4 c5 2. d3 Nc6 3. Be2 e6 4. Nf3 g6 5. c3 Bg7 6. 0-0 Nge7 7. Be3 b6 8. Nbd2 d5 9. exd5 exd5 10. Bg5 0-0 11. h3 Be6 12. Qc2 Qd7 13. a3 h6 14. Bf4 Nf5 15. Rab1 a5 16. b4 axb4 17. axb4 cxb4 18. cxb4 Ncd4 19. Nxd4 Nxd4 20. Qd1 g5 21. Bg3 Nxe2+ 22. Qxe2 Ra2 23. Rfc1 Bf5 24. Rb3 Qb5 25. Kh1 Bg6 26. Rd1 Qa4 27. Rbb1 Qc2 28. Rb3 Qxb3 29. Nxb3 Rxe2 30. Kg1 Rfe8 31. Kf1 Bc3 32. f3 Rb2 33. Nc1 Bxb4 34. d4 Rd2 35. Rxd2 Bxd2 36. Nb3 Bd3+ 37. Kg1 Be3+ 38. Kh2 Bc4 39. Na1 Bxd4 40. Nc2 Bc3 41. h4 d4 42. Nxd4 Bxd4 43. hxg5 hxg5 44. Kh3 b5 45. Kg4 f6 46. Bd6 Bc3 47. Kf5 b4 48. Bxb4 Bxb4 49. Kxf6 Bd2 50. Kf5 Bf1 51. g3 Rf8+ 52. Kg4 Be2 53. Kh3 Rxf3 54. Kh2 Be1 55. Kh1 Bxg3 56. Kg1 Be5 57. Kg2 g4 58. Kh1 Bf1 59. Kg1 Bd4+ 60. Kh1 Rh3# 0-1

[Event "POL-chT U19 Wielkopolskie"]
[Site "Poland"]
[Date "2016.04.03"]
[Round "8.5"]
[White "Wawrzyniak, Weronika"]
[Black "Janiszewska, Karolina"]
[Result "1-0"]
[WhiteElo "1315"]
[BlackElo "1006"]
[PlyCount "75"]
[EventDate "2016.02.13"]
[EventType "team-tourn"]
[EventRounds "9"]
[EventCountry "POL"]
[SourceTitle "EXT 2019"]
[Source "ChessBase"]
[SourceDate "2018.10.10"]
[SourceVersion "1"]
[SourceVersionDate "2018.10.10"]
[SourceQuality "1"]

1. d4 d5 2. c4 c6 3. Nc3 Nf6 4. Bg5 h6 5. Bh4 g5 6. Bg3 Bf5 7. Nf3 e6 8. e3 b6 9. Bd3 Ne4 10. Qc2 Nxg3 11. hxg3 Bxd3 12. Qxd3 f6 13. cxd5 exd5 14. Qg6+ Ke7 15. Nh2 Qe8 16. Qf5 Qd7 17. Qf3 Bg7 18. e4 Qe6 19. 0-0-0 dxe4 20. Qxe4 Qxe4 21. Nxe4 f5 22. Nc3 a6 23. Rhe1+ Kd7 24. Nf3 Kc7 25. Re7+ Nd7 26. Rxg7 Rae8 27. d5 cxd5 28. Rxd5 g4 29. Ne5 Kc8 30. Nxd7 Re1+ 31. Kc2 Rhe8 32. Nxb6+ Kb8 33. Rdd7 R1e7 34. Rgxe7 Rxe7 35. Rxe7 h5 36. Nca4 h4 37. Nc5 hxg3 38. Rb7# 1-0